Where Did These 2025-2026 Players Play Before Joining Liverpool - Statistics

General Stats
  • This quiz has been taken 29 times
  • The average score is 23 of 33
Answer Stats
Player Nationality Position Year Joined Answer % Correct
Alisson Becker Brazil GK 2018 AS Roma
100%
Virgil van Dijk Netherlands DF 2018 Southampton
92%
Federico Chiesa Italy FW 2024 Juventus
88%
Alexander Isak Sweden FW 2025 Newcastle United
88%
Jeremie Frimpong Netherlands DF 2025 Bayer Leverkusen
85%
Florian Wirtz Germany MF 2025 Bayer Leverkusen
85%
Ryan Gravenberch Netherlands MF 2023 Bayern Munich
85%
Dominik Szoboszlai Hungary MF 2023 RB Leipzig
85%
Giorgi Mamardashvili Georgia GK 2025 Valencia
85%
Mohamed Salah Egypt FW 2017 AS Roma
81%
Alexis Mac Allister Argentina MF 2023 Brighton & Hove Albion
81%
Hugo Ekitike France FW 2025 Eintracht Frankfurt
81%
Ibrahima Konaté France DF 2021 RB Leipzig
81%
Cody Gakpo Netherlands FW 2023 PSV Eindhoven
77%
Miloš Kerkez Hungary DF 2025 Bournemouth
73%
Curtis Jones England MF 2018 Liverpool(Academy)
73%
Rio Ngumoha England FW 2025 Liverpool(Academy)
73%
Trey Nyoni England MF 2023 Liverpool(Academy)
69%
Rhys Williams England DF 2019 Liverpool(Academy)
65%
James McConnell England MF 2023 Liverpool(Academy)
65%
Kostas Tsimikas Greece DF 2020 Olympiacos
65%
Andy Robertson Scotland DF 2017 Hull City
62%
Harvey Davies England GK 2020 Liverpool(Academy)
62%
Stefan Bajcetic Spain MF 2022 Liverpool(Academy)
62%
Wataru Endo Japan MF 2023 VFB Stuttgart
62%
Conor Bradley Northern Ireland DF 2021 Liverpool(Academy)
58%
Giovanni Leoni Italy DF 2025 Parma
50%
Joe Gomez England DF 2015 Charlton Athletic
42%
Freddie Woodman England GK 2025 Preston North End
42%
Vítězslav Jaroš Czech Republic GK 2020 Liverpool(Academy)
38%
Ármin Pécsi Hungary GK 2025 Puskás Akadémia
38%
Calvin Ramsay Scotland DF 2022 Aberdeen
35%
Harvey Elliott England MF 2019 Fulham
35%
No matching quizzes found
Score Distribution
Percent of People with Each Score
Percentile by Number Answered
Your Score History
You have not taken this quiz